000 00438nam a22001337a 4500
008 151229b xxu||||| |||| 00| 0 eng d
082 _a621.483
_bRUS-N 1979
100 _aJames H. Rust
245 _aNuclear power plant engineering
_cRust, James H
260 _aBuchanan:
_bHaralson Pub. Co,
_cc1979
300 _aviii, 504 pages :
_billustrations ;
_c 24 cm.
650 _a Nuclear engineering.
_vNuclear power plants.
942 _2ddc
_cBK
999 _c355868
_d355868